000 00850nam a2200241 a 4500
001 17865
003 BD-RjUL
005 20211209000214.0
008 140219r19541953enkabf b 00110 eng d
035 _a(BD-RjUL)17923
035 _a(BD-RjUL)
040 _aBD-RjUL
_beng
_cBD-RjUL
041 _aeng
082 0 0 _a796.522
_219
_bMUS 1954
100 1 _aMurray, W. H.
_q(William Hutchison),
_d1913-
_955131
245 1 4 _aThe story of Everest /
_cW.H. Murray ; with fifteen maps and diagrams by Robert Anderson and twenty-four pages of photographs.
260 _aLondon [England] :
_bJ.M. Dent,
_c1953 [reprinted 1954].
300 _aix, 230 :
_bill. ;
_c22 cm.
504 _aBibliography: p. 186. and index.
650 0 _aMountaineering
_zEverest, Mount (China and Nepal)
_955132
651 0 _aEverest, Mount (China and Nepal)
_935381
942 _2ddc
_cBK
999 _c17865
_d17865